Statistics for Tamil nadu (India)

Click here to take the quiz!

General Stats

  • This quiz has been taken 158 times
  • The average score is 7 of 10

Answer Stats

HintAnswer% Correct
first language of the world also the official language of Tamil Nadu.tamil
99%
Capital of tamil nadu.Chennai
91%
No. of major harbors in Tamil Nadu.3
90%
Person born in Tamil Nadu Who is the current CEO of Google.Sundar Pichai
79%
Famous sport in Tamil Nadu celebrated during Pongal.Jallikattu
74%
Total UNESCO sites in Tamil Nadu.8
73%
Total districts in Tamil Nadu.32
71%
recognized fruit of Tamil Nadu. Jackfruit
49%
"Egg basket of Tamil Nadu".Namakkal
40%
Tamil Nadu is the _______ largest state of India by area.11th
17%

Score Distribution

Percentile by Number Answered

Percent of People with Each Score

Your Score History

You have not taken this quiz